| 000 | 004500000a22001810004500 | ||
|---|---|---|---|
| 003 | MACL | ||
| 005 | 20150726134227.0 | ||
| 008 | 150726b xxu||||| |||| 00| 0 eng d | ||
| 040 |
_aMACL _cMACL |
||
| 041 | _aEnglish | ||
| 082 | _a330/ROU | ||
| 100 |
_aRout, Himanshu Sekhar _9663 |
||
| 245 | _aHealth Economics In India | ||
| 260 |
_bNew Century Publication _c2007 _aNew Delhi |
||
| 350 | _a640 | ||
| 650 |
_aEconomics _92578 |
||
| 942 |
_cBK _k330 _2ddc |
||
| 999 |
_c8147 _d8147 |
||